00845nam a22002417a 450000500170000000800410001702000220005804000110008008200300009110000180012124501330013926000360027230000360030850000370034465000330038165000330041465000530044765000230050065000270052365000190055070000180056970000160058720251027105634.0230713b ||||| |||| 00| 0 eng d a978-0-367-00146-9 cNMSCST aGrad. 370.117 bE247 2020 aUlla Lundgren aEducational approaches to internationalization through intercultural dialogue /cLundgren, Ulla, Castro, Paloma and Woodin, Jane aRoutledge :bNew York, cc2020. aix, 236 pages :billustrations. aIncludes bibliography and index. aEducation and globalization. aIntercultural communication. aIntercultural communication--Study and teaching. aStudents, Foreign. aEducational exchanges. aForeign study. aPaloma Castro aJane Woodin